| 000 | 00588nam a2200193Ia 4500 | ||
|---|---|---|---|
| 005 | 20250508152058.0 | ||
| 008 | 008 250505s9999 xx 000 0 eng d | ||
| 037 | _aTextual | ||
| 040 |
_aFEDL _beng _cFEDL |
||
| 041 |
_aeng _2eng |
||
| 084 |
_a370.15, DRE _qFEDL |
||
| 100 |
_aDerikurs Rudolf _9760716 |
||
| 245 | 0 | _aPsychology in the classroom : A manual for teachers | |
| 260 |
_aNew York, USA _bHarper and Brothers Publishers _c1957 |
||
| 300 | _axvi,237p. | ||
| 650 |
_aEducation - Psychology _9755527 |
||
| 942 |
_cTEXL _h370.15, DRE |
||
| 999 |
_c1334121 _d1334121 |
||